[Event "Lliga Catalana eq. DH"]
[Site "?"]
[Date "2014.03.22"]
[Round "9.5"]
[White "Alexandrova, O."]
[Black "Gual Pascual, A."]
[Result "0-1"]
[WhiteElo "2448"]
[BlackElo "2516"]
[PlyCount "184"]
[EventDate "2014.??.??"]
[EventType "team"]
[EventCountry "ESP"]

1. d4 g6 2. c4 Bg7 3. Nc3 d6 4. Nf3 e5 5. dxe5 dxe5 6. Qxd8+ Kxd8 7. Bg5+ f6 8.
O-O-O+ Bd7 9. Bd2 Kc8 10. Ne4 Bf5 11. Ng3 Be6 12. e3 Nh6 13. Be2 Nd7 14. Bc3
Nf7 15. h4 a5 16. h5 g5 17. Nh2 Nd6 18. b3 Rg8 19. e4 Nc5 20. f3 b6 21. Ng4
Bxg4 22. fxg4 Kb8 23. Bf3 Ka7 24. Rd5 Bf8 25. Rhd1 Be7 26. Kc2 Rgd8 27. Nf5 Bf8
28. Bb2 Na6 29. a3 Nc5 30. Bc1 Ne6 31. Be3 a4 32. Ra5+ Kb7 33. Nxd6+ Bxd6 34.
Rxa4 Rxa4 35. bxa4 Ra8 36. Ra1 Rxa4 37. Kb3 Ra8 38. a4 Bc5 39. Bxc5 Nxc5+ 40.
Kb4 Kc6 41. h6 Rd8 42. a5 Rd3 43. Bd1 Na6+ 44. Ka4 Rc3 45. axb6 cxb6 46. Ra3
Rc1 47. Bf3 Rb1 48. Rc3 Nc5+ 49. Ka3 Ne6 50. Rb3 Rxb3+ 51. Kxb3 Kc5 52. Kc3 Nd8
53. Bd1 Nf7 54. Ba4 Nxh6 55. Bd7 Nf7 56. Be6 Nd6 57. Bd5 h6 58. g3 Nc8 59. Bf7
Ne7 60. Be8 Nc8 61. Bf7 Nd6 62. Bd5 b5 63. cxb5 Nxb5+ 64. Kd3 Kb4 65. Be6 Nc7
66. Bc4 Na8 67. Bf7 Nb6 68. Be8 Nc4 69. Bd7 Na5 70. Be6 Nb7 71. Bd5 Nc5+ 72.
Kc2 Nd7 73. Kd3 Kc5 74. Bf7 Kd6 75. Kc4 Nb6+ 76. Kb5 Na8 77. Bg8 Nc7+ 78. Kb6
Ne8 79. Bf7 Ng7 80. Kb5 Ke7 81. Bc4 h5 82. gxh5 Nxh5 83. g4 Ng3 84. Bd3 Kd6 85.
Kb6 Nh1 86. Be2 Nf2 87. Bf3 f5 88. exf5 e4 89. Be2 Nd3 90. f6 Nf4 91. f7 Ke7
92. Bc4 e3 0-1

[Event "Lliga Catalana eq. DH"]
[Site "?"]
[Date "2014.03.22"]
[Round "9.5"]
[White "Asensio Liñan, T."]
[Black "Subirats Ruiz, S."]
[Result "1-0"]
[WhiteElo "2278"]
[BlackElo "2294"]
[PlyCount "121"]
[EventDate "2014.??.??"]
[EventType "team"]
[EventCountry "ESP"]

1. d4 Nf6 2. Bg5 g6 3. Bxf6 exf6 4. g3 d5 5. Bg2 f5 6. e3 Bg7 7. c4 dxc4 8.
Qa4+ Nd7 9. Qxc4 c5 10. Ne2 cxd4 11. exd4 f4 12. Nxf4 O-O 13. O-O Nb6 14. Qb3
Qxd4 15. Nc3 Bg4 16. Rfe1 Nc4 17. Nb5 Qc5 18. Nd3 Qc8 19. Rac1 Be6 20. Rxe6
Qxe6 21. Qxc4 Qxc4 22. Rxc4 Rad8 23. Bf1 Rd5 24. Nc3 Rd7 25. Nc5 Rd2 26. b4 b6
27. N5e4 Rc2 28. a4 Rd8 29. Nb5 Rxc4 30. Bxc4 a6 31. Nbd6 Bf8 32. Nf6+ Kg7 33.
Nfe8+ Kg8 34. Nf6+ Kg7 35. Nfe8+ Kg8 36. Nxf7 Rd1+ 37. Kg2 Bxb4 38. Ne5+ Kf8
39. Nf6 Bc3 40. f4 Bxe5 41. fxe5 Rd4 42. Bxa6 Rxa4 43. Bd3 Rd4 44. Be2 h6 45.
Kf2 Kf7 46. Ke3 Ra4 47. Nd5 Ra5 48. Kd4 Ra2 49. Bc4 Rd2+ 50. Ke4 Rxh2 51. Nxb6+
Ke8 52. Nd5 Rg2 53. e6 Rb2 54. Ke5 Kf8 55. Kd6 Rb8 56. e7+ Kf7 57. Nc7+ Kf6 58.
Kd7 Kf5 59. Be6+ Ke4 60. Bd5+ Ke5 61. Ne6 1-0

[Event "Lliga Catalana eq. DH"]
[Site "?"]
[Date "2014.03.22"]
[Round "9.5"]
[White "Fernandez Perez, D."]
[Black "Perpinya Rofes, LM."]
[Result "0-1"]
[WhiteElo "2350"]
[BlackElo "2453"]
[PlyCount "84"]
[EventDate "2014.??.??"]
[EventType "team"]
[EventCountry "ESP"]

1. d4 Nf6 2. Nf3 g6 3. c4 Bg7 4. e3 O-O 5. Be2 d6 6. Nc3 Nbd7 7. O-O e5 8. b3
Re8 9. a4 a5 10. Ba3 e4 11. Nd2 Nf8 12. Qc2 Bf5 13. Nb5 Ne6 14. Rfc1 h5 15. c5
dxc5 16. dxc5 Nd5 17. Rab1 Ndf4 18. Nf1 Qg5 19. exf4 Nxf4 20. Ne3 Rad8 21. Bf1
Nh3+ 22. Kh1 Qf4 23. gxh3 Be5 24. f3 Qxe3 25. Re1 Qf4 26. Bc1 e3 27. Bxe3 Bxc2
28. Bxf4 Bxf4 29. Rxe8+ Rxe8 30. Rb2 Bd1 31. Kg2 Rd8 32. Bc4 c6 33. Nd6 Bxd6
34. cxd6 Rxd6 35. f4 Rd4 36. Rf2 h4 37. f5 g5 38. f6 b5 39. axb5 cxb5 40. Bxb5
Bxb3 41. Re2 Bd5+ 42. Kg1 Kh7 0-1

[Event "Lliga Catalana eq. DH"]
[Site "?"]
[Date "2014.03.22"]
[Round "9.5"]
[White "Fluvia Poyatos, Jordi"]
[Black "Willemze, T."]
[Result "0-1"]
[WhiteElo "2480"]
[BlackElo "2405"]
[PlyCount "84"]
[EventDate "2014.??.??"]
[EventType "team"]
[EventCountry "ESP"]

1. d4 c5 2. d5 Nf6 3. c4 g6 4. Nc3 Bg7 5. e4 O-O 6. Nf3 d6 7. h3 Na6 8. Bd3 Nb4
9. Bb1 e5 10. Bg5 Bd7 11. a3 Na6 12. Bd3 Nc7 13. b4 b6 14. Qd2 Qc8 15. g4 b5
16. cxb5 cxb4 17. axb4 Qe8 18. Ra5 Nfxd5 19. Nxd5 Nxd5 20. exd5 e4 21. O-O exf3
22. Re1 Qc8 23. Rc1 Qb7 24. Bf1 Rfe8 25. Qd3 h5 26. Qxf3 hxg4 27. hxg4 f5 28.
Bd3 fxg4 29. Qg3 Re5 30. Bf4 Rh5 31. Bxg6 Rh3 32. Qg2 Rf8 33. Qe4 Rf6 34. Bg3
Rxg6 35. Qxg6 Qxd5 36. Bh2 g3 37. fxg3 Qd4+ 38. Kg2 Qd2+ 39. Kf3 Qxc1 40. Rxa7
Qc3+ 41. Kg2 Qd2+ 42. Kf3 Qd1+ 0-1

[Event "Lliga Catalana eq. DH"]
[Site "?"]
[Date "2014.03.22"]
[Round "9.5"]
[White "Garrido Fernandez, D."]
[Black "Gallart Zafra, J."]
[Result "0-1"]
[WhiteElo "2262"]
[BlackElo "2261"]
[PlyCount "86"]
[EventDate "2014.??.??"]
[EventType "team"]
[EventCountry "ESP"]

1. e4 c5 2. Nc3 Nc6 3. Bb5 d6 4. Bxc6+ bxc6 5. d3 e6 6. f4 d5 7. Nf3 Be7 8. O-O
Nh6 9. Qe1 f6 10. Qg3 O-O 11. b3 Qc7 12. Ba3 Ba6 13. Rfe1 Bd6 14. e5 fxe5 15.
fxe5 Be7 16. Na4 Nf5 17. Qg4 c4 18. Bxe7 Qxe7 19. d4 cxb3 20. axb3 Bc8 21. c3
Bd7 22. Nc5 Be8 23. Ra6 Rc8 24. Qg5 Qf7 25. Rea1 h6 26. Qd2 Rc7 27. c4 dxc4 28.
bxc4 Qe7 29. Rf1 Bh5 30. Qf4 Rd8 31. Nxe6 Qxe6 32. d5 Qc8 33. Ra5 cxd5 34. cxd5
Rc4 35. Qd2 Rc2 36. Qf4 Rc4 37. Qd2 Bxf3 38. Rxf3 Nd4 39. Rf1 Nb3 40. Qf2 Nxa5
41. Qf7+ Kh8 42. e6 Qc5+ 43. Kh1 Rc1 0-1

[Event "Lliga Catalana eq. DH"]
[Site "?"]
[Date "2014.03.22"]
[Round "9.5"]
[White "Gonzales Perez, JA."]
[Black "Ayas Fernandez, A."]
[Result "1/2-1/2"]
[WhiteElo "2242"]
[BlackElo "2346"]
[PlyCount "114"]
[EventDate "2014.??.??"]
[EventType "team"]
[EventCountry "ESP"]

1. e4 c5 2. c3 e6 3. d4 d5 4. exd5 exd5 5. Nf3 Nc6 6. Bb5 Bd6 7. O-O Nge7 8.
Nbd2 O-O 9. dxc5 Bxc5 10. Nb3 Bd6 11. Bg5 Bg4 12. Be2 a6 13. Bh4 Qc7 14. Bg3
Rad8 15. Re1 Ng6 16. Nfd4 Bc8 17. Bf1 f5 18. Bxd6 Qxd6 19. Nxc6 bxc6 20. Qd4 f4
21. Rad1 Nh4 22. Kh1 Qg6 23. f3 Qh6 24. Bd3 Bh3 25. Re2 Bf5 26. Qf2 Bxd3 27.
Rxd3 Nf5 28. Kg1 Rd6 29. Nd4 Nh4 30. Qe1 c5 31. Ne6 Qg6 32. Nxc5 Nf5 33. Re6
Rf6 34. Rxf6 Rxf6 35. Rxd5 Ne3 36. Rd8+ Rf8 37. Rd2 h6 38. Ne4 Kh7 39. b3 Qb6
40. Kh1 a5 41. c4 a4 42. c5 Qb5 43. Qe2 Qa5 44. Qd3 Kh8 45. g3 axb3 46. Qxb3
Nf1 47. Rd1 Ne3 48. Rc1 Re8 49. gxf4 Rxe4 50. fxe4 Qd2 51. Rg1 Qf2 52. Qb8+ Kh7
53. Rxg7+ Kxg7 54. Qe5+ Kf7 55. Qc7+ Kg8 56. Qd8+ Kf7 57. Qd7+ Kf8 1/2-1/2

[Event "Lliga Catalana eq. DH"]
[Site "?"]
[Date "2014.03.22"]
[Round "9.5"]
[White "Grafl, F."]
[Black "Lorenzo de la Riva, L."]
[Result "1/2-1/2"]
[WhiteElo "2425"]
[BlackElo "2502"]
[PlyCount "117"]
[EventDate "2014.??.??"]
[EventType "team"]
[EventCountry "ESP"]

1. b3 e5 2. Bb2 Nc6 3. e3 d5 4. Bb5 Bd6 5. f4 Qe7 6. Nf3 Bg4 7. fxe5 Bxe5 8.
Bxe5 Bxf3 9. Qxf3 Qxe5 10. Nc3 Nf6 11. O-O O-O 12. Bxc6 bxc6 13. Qf4 Rfe8 14.
Qxe5 Rxe5 15. Rf4 Ne4 16. Nxe4 dxe4 17. Kf1 Rd8 18. Ke2 g5 19. Rf6 Red5 20. Rd1
R8d6 21. Rf2 Kg7 22. c4 Re5 23. Rdf1 f6 24. Rf5 Rde6 25. g4 h6 26. Kd1 Kf7 27.
Kc2 c5 28. Kc3 Ke7 29. R1f2 Kf7 30. Kb2 Ke7 31. Kc2 Kf7 32. Kc3 Ke7 33. Rf1 Kf7
34. d3 exd3 35. Rxe5 Rxe5 36. Kxd3 Ke7 37. e4 Ke6 38. Ke3 Ke7 39. Rd1 h5 40.
gxh5 f5 41. Rd5 Rxe4+ 42. Kd3 Ke6 43. Rxc5 Rh4 44. h6 Rxh2 45. Rxc7 g4 46. Rxa7
Ke5 47. h7 Rh3+ 48. Ke2 f4 49. Rg7 Rh2+ 50. Kf1 g3 51. Kg1 Ke4 52. Rd7 Kf3 53.
c5 Rg2+ 54. Kf1 Rh2 55. Kg1 Rg2+ 56. Kf1 Rh2 57. Kg1 Rg2+ 58. Kf1 Rh2 59. Kg1
1/2-1/2

[Event "Lliga Catalana eq. DH"]
[Site "?"]
[Date "2014.03.22"]
[Round "9.5"]
[White "Jose Queralto, D."]
[Black "Baños, OF."]
[Result "1/2-1/2"]
[WhiteElo "2218"]
[BlackElo "2284"]
[PlyCount "28"]
[EventDate "2014.??.??"]
[EventType "team"]
[EventCountry "ESP"]

1. e4 g6 2. d4 d6 3. Nf3 Bg7 4. Be2 Nf6 5. Nc3 O-O 6. O-O Nc6 7. h3 e5 8. Be3
exd4 9. Nxd4 Re8 10. Nxc6 bxc6 11. Bf3 Nd7 12. Qd2 Ba6 13. Rfe1 Ne5 14. Be2 Nc4
1/2-1/2

[Event "Lliga Catalana eq. DH"]
[Site "?"]
[Date "2014.03.22"]
[Round "9.5"]
[White "Rodriguez Melgar, JM."]
[Black "Fernandez Muixi, F."]
[Result "0-1"]
[WhiteElo "2272"]
[BlackElo "2252"]
[PlyCount "75"]
[EventDate "2014.??.??"]
[EventType "team"]
[EventCountry "ESP"]

1. e4 g6 2. d4 Bg7 3. f4 c5 4. Nf3 cxd4 5. Nxd4 Nc6 6. Nf3 Qa5+ 7. c3 Nf6 8.
Bd3 d5 9. e5 Ng4 10. h3 Nh6 11. Be3 f6 12. O-O O-O 13. b4 Qc7 14. b5 Nxe5 15.
fxe5 fxe5 16. Qb3 e6 17. Nbd2 Nf5 18. Bxf5 gxf5 19. Kh1 f4 20. Bg1 Qf7 21. Rae1
Qh5 22. c4 e4 23. cxd5 exf3 24. dxe6 fxg2+ 25. Kxg2 Kh8 26. e7 Re8 27. Kh2 Bd7
28. Nc4 h6 29. Nd6 f3 30. Nf7+ Kh7 31. Rxf3 Qxb5 32. Qxb5 Bxb5 33. Nd6 Bc6 34.
Rd3 Rg8 35. h4 Bf6 36. Bd4 Bxh4 37. Re2 Bg5 38. Rf3 0-1

[Event "Lliga Catalana eq. DH"]
[Site "?"]
[Date "2014.03.22"]
[Round "9.6"]
[White "Bergez, L."]
[Black "Rodriguez Cespedes, A."]
[Result "1-0"]
[WhiteElo "2391"]
[BlackElo "2476"]
[PlyCount "73"]
[EventDate "2014.??.??"]
[EventType "team"]
[EventCountry "ESP"]

1. e4 e5 2. Nf3 Nc6 3. Bc4 Bc5 4. O-O Nf6 5. d3 d6 6. c3 a6 7. Bb3 Ba7 8. Nbd2
O-O 9. h3 Ne7 10. Nh4 Be6 11. Ndf3 Qd7 12. Bc2 h6 13. d4 exd4 14. Nxd4 Bxh3 15.
gxh3 Qxh3 16. Ng2 Ng4 17. Bf4 Ng6 18. Qf3 Nxf4 19. Qxf4 Rae8 20. Rad1 Re5 21.
Rd3 Qh5 22. Bd1 Rxe4 23. Qg3 Qg6 24. Nh4 Qg5 25. f4 Qf6 26. Bxg4 c5 27. Bf5 Re7
28. Ndf3 c4+ 29. Rd4 Re3 30. Qg4 Rfe8 31. Kh1 Bxd4 32. Nxd4 g6 33. Nxg6 fxg6
34. Bxg6 Rf8 35. Nf5 Re6 36. Rg1 Kh8 37. Qh5 1-0

[Event "Lliga Catalana eq. DH"]
[Site "?"]
[Date "2014.03.22"]
[Round "9.6"]
[White "Bofill Mas, A."]
[Black "Aloma Vidal, R."]
[Result "1/2-1/2"]
[WhiteElo "2471"]
[BlackElo "2420"]
[PlyCount "55"]
[EventDate "2014.??.??"]
[EventType "team"]
[EventCountry "ESP"]

1. c4 e5 2. g3 Nc6 3. Nc3 Bc5 4. Bg2 d6 5. Nf3 a6 6. O-O Nge7 7. e3 O-O 8. d4
Ba7 9. h3 h6 10. b3 exd4 11. Nxd4 Nxd4 12. exd4 Nf5 13. Ne2 Re8 14. Bb2 c6 15.
Qd3 Bd7 16. Rad1 Qg5 17. Nc3 Rad8 18. Ne4 Qg6 19. Rfe1 d5 20. cxd5 cxd5 21. Nc5
Bb5 22. Qd2 Nd6 23. a4 Bc6 24. Rxe8+ Rxe8 25. Re1 Rxe1+ 26. Qxe1 Ne4 27. b4 Qf5
28. b5 1/2-1/2

[Event "Lliga Catalana eq. DH"]
[Site "?"]
[Date "2014.03.22"]
[Round "9.6"]
[White "Escobar Torres, A."]
[Black "Cervello Tost, F."]
[Result "1/2-1/2"]
[WhiteElo "2232"]
[BlackElo "2232"]
[PlyCount "80"]
[EventDate "2014.??.??"]
[EventType "team"]
[EventCountry "ESP"]

1. d4 Nf6 2. Nf3 e6 3. c4 b6 4. g3 Bb7 5. Bg2 Be7 6. O-O O-O 7. Nc3 Ne4 8. Qc2
f5 9. b3 Bf6 10. Bb2 Nxc3 11. Bxc3 Be4 12. Qb2 d6 13. Rfd1 Nd7 14. b4 Qe7 15.
a4 g5 16. a5 h5 17. axb6 axb6 18. Ne1 Bxg2 19. Nxg2 Qg7 20. Rxa8 Rxa8 21. Ra1
Rxa1+ 22. Qxa1 c5 23. e3 h4 24. Ne1 f4 25. Qa8+ Nf8 26. Qe4 hxg3 27. hxg3 fxe3
28. fxe3 Qc7 29. Qd3 cxb4 30. Bxb4 d5 31. cxd5 Qxg3+ 32. Ng2 Qg4 33. Bxf8 Kxf8
34. d6 Qf5 35. Qa3 e5 36. Qa8+ Kg7 37. Qb7+ Kg6 38. d5 Qb1+ 39. Kf2 Qf5+ 40.
Kg1 Qb1+ 1/2-1/2

[Event "Lliga Catalana eq. DH"]
[Site "?"]
[Date "2014.03.22"]
[Round "9.6"]
[White "Fernandez Fuentes, FX."]
[Black "Bruned Segura, M."]
[Result "0-1"]
[WhiteElo "2244"]
[BlackElo "2241"]
[PlyCount "105"]
[EventDate "2014.??.??"]
[EventType "team"]
[EventCountry "ESP"]

1. e4 e5 2. Nf3 Nf6 3. Nxe5 d6 4. Nf3 Nxe4 5. Nc3 Nxc3 6. dxc3 Be7 7. Bf4 Nc6
8. Qd2 Be6 9. O-O-O Qd7 10. Kb1 O-O-O 11. Ng5 Bxg5 12. Bxg5 f6 13. Be3 Rhe8 14.
Bb5 a6 15. Ba4 b5 16. Bb3 d5 17. Bf4 Ne7 18. Qd4 Nf5 19. Qa7 Qc6 20. Rhe1 Bf7
21. g4 Nd6 22. f3 Rxe1 23. Rxe1 Re8 24. Rd1 Rd8 25. Re1 Kd7 26. Qd4 Qb6 27.
Qxb6 cxb6 28. Bxd6 Kxd6 29. Kc1 h5 30. h3 hxg4 31. hxg4 Re8 32. Rh1 Re7 33. Kd2
Be8 34. Rh8 a5 35. a3 a4 36. Ba2 Ke5 37. Ke3 g5 38. b3 f5 39. Rh6 f4+ 40. Kd3
Rh7 41. Rxh7 Bg6+ 42. Kd2 Bxh7 43. c4 bxc4 44. bxc4 d4 45. c5 bxc5 46. Bc4 Bg6
47. Bb5 Bf7 48. Bxa4 Bd5 49. Ke2 c4 50. Bb5 Kd6 51. Be8 Kc5 52. Bg6 Bc6 53. Bf7
0-1

[Event "Lliga Catalana eq. DH"]
[Site "?"]
[Date "2014.03.22"]
[Round "9.6"]
[White "Gonzalez Garcia, M."]
[Black "Llaneza Vega, P."]
[Result "1-0"]
[WhiteElo "2236"]
[BlackElo "2216"]
[PlyCount "75"]
[EventDate "2014.??.??"]
[EventType "team"]
[EventCountry "ESP"]

1. d4 Nf6 2. Nf3 g6 3. Nbd2 d5 4. e3 Bg7 5. Be2 O-O 6. O-O c5 7. dxc5 Qc7 8. a3
Nbd7 9. b4 Ne4 10. Nd4 Nc3 11. Qe1 Ne5 12. f4 Nc6 13. N2b3 Nxe2+ 14. Qxe2 a5
15. c3 e5 16. Nb5 Qe7 17. Qd2 exf4 18. exf4 axb4 19. axb4 Rxa1 20. Nxa1 Nxb4
21. cxb4 Bxa1 22. Re1 Qh4 23. Nd6 Bd7 24. Qf2 Qf6 25. Rd1 Bc3 26. Bd2 Ra8 27.
Bxc3 Qxc3 28. Qd4 Qc2 29. Qxd5 Be6 30. Qd2 Qb3 31. Ne4 Ra2 32. Qd8+ Kg7 33.
Qd4+ Kh6 34. h3 Qc2 35. Nf2 Rb2 36. g4 f6 37. h4 Qe2 38. f5 1-0

[Event "Lliga Catalana eq. DH"]
[Site "?"]
[Date "2014.03.22"]
[Round "9.6"]
[White "Gonzalez Hernandez, F."]
[Black "Carrasco Rodriguez, J."]
[Result "1-0"]
[WhiteElo "2267"]
[BlackElo "2283"]
[PlyCount "85"]
[EventDate "2014.??.??"]
[EventType "team"]
[EventCountry "ESP"]

1. e4 c5 2. Nf3 d6 3. d4 cxd4 4. Qxd4 Nc6 5. Bb5 Bd7 6. Bxc6 Bxc6 7. Nc3 Nf6 8.
Bg5 e6 9. O-O-O Be7 10. Qd3 Ng4 11. Bxe7 Qxe7 12. Rd2 Nf6 13. Nd4 Rd8 14. f4
O-O 15. Re1 Qc7 16. Kb1 a6 17. g4 e5 18. Nxc6 bxc6 19. g5 Nh5 20. f5 Rfe8 21.
Qc4 Nf4 22. Nd5 Qa5 23. Qb4 Qb5 24. Qxb5 cxb5 25. Nxf4 exf4 26. Rf2 Re5 27.
Rxf4 Rde8 28. Kc1 d5 29. a3 g6 30. fxg6 hxg6 31. h4 dxe4 32. Re3 R8e7 33. Kd2
Kf8 34. Rf6 Rd5+ 35. Kc3 Rc5+ 36. Kb3 Ke8 37. Rd6 Rc4 38. c3 Re5 39. Rd4 Rxd4
40. cxd4 Re6 41. Kb4 Kd7 42. Kc5 Kc7 43. b3 {Tiempo} 1-0

[Event "Lliga Catalana eq. DH"]
[Site "?"]
[Date "2014.03.22"]
[Round "9.6"]
[White "Rahal, M."]
[Black "Vigoa Apecheche, Y."]
[Result "1/2-1/2"]
[WhiteElo "2426"]
[BlackElo "2321"]
[PlyCount "55"]
[EventDate "2014.??.??"]
[EventType "team"]
[EventCountry "ESP"]

1. e4 c5 2. Nf3 Nc6 3. d4 cxd4 4. Nxd4 Nf6 5. Nc3 e5 6. Ndb5 d6 7. Bg5 a6 8.
Na3 Be6 9. Nc4 b5 10. Ne3 Be7 11. Bd3 O-O 12. O-O h6 13. Bxf6 Bxf6 14. Ncd5 Bg5
15. c3 Rb8 16. Qe2 Bxe3 17. Nxe3 Qb6 18. Rfd1 Ne7 19. Rd2 Rbc8 20. Nf5 Bxf5 21.
exf5 Nd5 22. Be4 Nf6 23. Rad1 Rfd8 24. a3 a5 25. Bd5 Rc5 26. g3 Qc7 27. Qf3 Kf8
28. h3 1/2-1/2

[Event "Lliga Catalana eq. DH"]
[Site "?"]
[Date "2014.03.22"]
[Round "9.7"]
[White "Fernandez Lopez, J."]
[Black "Valencia Jimenez, J."]
[Result "0-1"]
[WhiteElo "2171"]
[BlackElo "2221"]
[PlyCount "74"]
[EventDate "2014.??.??"]
[EventType "team"]
[EventCountry "ESP"]

1. e4 g6 2. d4 Bg7 3. Nc3 c6 4. Nf3 d5 5. e5 Bg4 6. h3 Bxf3 7. Qxf3 Qb6 8. Qd3
Nh6 9. Nd1 f6 10. exf6 exf6 11. Be2 O-O 12. h4 Nd7 13. Ne3 f5 14. c3 Nf6 15.
Nc2 Ne4 16. O-O f4 17. Ne1 Rae8 18. Nf3 Qd8 19. Qc2 Ng4 20. Bd3 h6 21. b3 Re6
22. Ba3 Rfe8 23. Rae1 g5 24. hxg5 hxg5 25. Re2 Ngf6 26. Ne5 g4 27. f3 Rxe5 28.
dxe5 Qb6+ 29. Ref2 g3 30. fxe4 Ng4 31. c4 gxf2+ 32. Kh1 Rxe5 33. g3 fxg3 34.
Be7 Rxe7 35. exd5 cxd5 36. Bh7+ Kh8 37. Bg6 Ne3 0-1

[Event "Lliga Catalana eq. DH"]
[Site "?"]
[Date "2014.03.22"]
[Round "9.7"]
[White "Garcia Pichon, E."]
[Black "Travesset Ribera, D."]
[Result "1/2-1/2"]
[WhiteElo "2260"]
[BlackElo "2245"]
[PlyCount "34"]
[EventDate "2014.??.??"]
[EventType "team"]
[EventCountry "ESP"]

1. e4 c5 2. c3 d5 3. exd5 Qxd5 4. d4 Nc6 5. Nf3 e5 6. Nxe5 Nxe5 7. dxe5 Qxe5+
8. Be3 Bd7 9. Nd2 Nf6 10. Qb3 Be7 11. Bb5 Rd8 12. O-O-O O-O 13. Nf3 Qc7 14.
Bxd7 Rxd7 15. Rxd7 Nxd7 16. Qd5 Nf6 17. Qf5 Rd8 1/2-1/2

[Event "Lliga Catalana eq. DH"]
[Site "?"]
[Date "2014.03.22"]
[Round "9.7"]
[White "Panelo Muñoz, MA."]
[Black "Martinez Ramirez, E."]
[Result "1-0"]
[WhiteElo "2472"]
[BlackElo "2372"]
[PlyCount "47"]
[EventDate "2014.??.??"]
[EventType "team"]
[EventCountry "ESP"]

1. d4 Nf6 2. c4 g6 3. Nc3 d5 4. Nf3 Bg7 5. Qb3 dxc4 6. Qxc4 O-O 7. e4 Nc6 8.
Be2 Nd7 9. Be3 Nb6 10. Qc5 f5 11. d5 f4 12. Bd2 Ne5 13. Rc1 c6 14. O-O cxd5 15.
Nxd5 Nxd5 16. exd5 b6 17. Qb5 Bb7 18. Nxe5 Bxe5 19. Bf3 Rc8 20. d6 Bxf3 21.
Qxe5 Rxc1 22. Rxc1 Bb7 23. dxe7 Qxd2 24. Qh8+ 1-0

[Event "Lliga Catalana eq. DH"]
[Site "?"]
[Date "2014.03.22"]
[Round "9.7"]
[White "Pinsach Gelabert, A."]
[Black "Colon Garcia, E."]
[Result "0-1"]
[WhiteElo "2295"]
[BlackElo "2405"]
[PlyCount "72"]
[EventDate "2014.??.??"]
[EventType "team"]
[EventCountry "ESP"]

1. e4 c5 2. Nf3 d6 3. d4 cxd4 4. Nxd4 Nf6 5. Nc3 a6 6. Bc4 e6 7. O-O b5 8. Bb3
Be7 9. Qf3 Qb6 10. Be3 Qb7 11. Qg3 b4 12. Na4 Nbd7 13. f3 O-O 14. Rfd1 Kh8 15.
Qf2 Ne5 16. Ne2 a5 17. a3 Bd7 18. Nb6 a4 19. Nxa8 axb3 20. Nb6 bxc2 21. Rd2 b3
22. Nc1 Bd8 23. Nxb3 Neg4 24. fxg4 Nxe4 25. Na5 Qa6 26. Nxd7 Nxf2 27. Nxf8 Nxg4
28. Bd4 Qxa5 29. Rxc2 e5 30. b4 Qa6 31. Rac1 exd4 32. Rc8 d3 33. Nd7 g6 34.
Rxd8+ Kg7 35. h3 d2 36. Rd1 Qe2 0-1

[Event "Lliga Catalana eq. DH"]
[Site "?"]
[Date "2014.03.22"]
[Round "9.7"]
[White "Quintas Galeano, L."]
[Black "Velasco Blasco, JM."]
[Result "0-1"]
[WhiteElo "2222"]
[BlackElo "2224"]
[PlyCount "76"]
[EventDate "2014.??.??"]
[EventType "team"]
[EventCountry "ESP"]

1. e4 e5 2. Nf3 Nc6 3. Bb5 a6 4. Ba4 Nf6 5. O-O Be7 6. d3 b5 7. Bb3 O-O 8. Re1
d5 9. c3 Bb7 10. Nbd2 dxe4 11. Nxe4 Na5 12. Nxe5 Nxb3 13. Qxb3 Nxe4 14. dxe4
Bd6 15. Nf3 Re8 16. Be3 Bxe4 17. Ng5 Bg6 18. a4 Rb8 19. Nf3 bxa4 20. Qxa4 Rxb2
21. Bg5 f6 22. Be3 Bd3 23. Qh4 Qd7 24. c4 Re4 25. Qh5 Bxc4 26. Nd2 Bf7 27. Qd1
Rxe3 28. fxe3 Rxd2 29. Qa4 Qxa4 30. Rxa4 Bd5 31. e4 Bc5+ 32. Kh1 Bb7 33. Rc4
Bb6 34. g4 Rd4 35. Rxd4 Bxd4 36. Kg2 a5 37. Kf3 a4 38. Rb1 a3 0-1

[Event "Lliga Catalana eq. DH"]
[Site "?"]
[Date "2014.03.22"]
[Round "9.7"]
[White "Sanchez Ibern, M."]
[Black "Avila Jimenez, X."]
[Result "1/2-1/2"]
[WhiteElo "2445"]
[BlackElo "2307"]
[PlyCount "49"]
[EventDate "2014.??.??"]
[EventType "team"]
[EventCountry "ESP"]

1. Nf3 d5 2. g3 Nf6 3. Bg2 Bf5 4. O-O e6 5. b3 Be7 6. Bb2 h6 7. c4 c6 8. d4
Nbd7 9. Nc3 O-O 10. Nd2 Re8 11. Re1 Qb6 12. Na4 Qa6 13. Rc1 b5 14. cxb5 cxb5
15. Nc3 Qb6 16. e3 Rac8 17. Qe2 a6 18. a3 Qa7 19. Na2 Nb6 20. f3 Qb7 21. Qf2
Rxc1 22. Rxc1 Rc8 23. Qe1 Rc7 24. Bf1 Qc8 25. Rxc7 1/2-1/2

[Event "Lliga Catalana eq. DH"]
[Site "?"]
[Date "2014.03.22"]
[Round "9.7"]
[White "Serra Fontova, F."]
[Black "Draghici Flutor, G."]
[Result "1/2-1/2"]
[WhiteElo "2276"]
[BlackElo "2209"]
[PlyCount "103"]
[EventDate "2014.??.??"]
[EventType "team"]
[EventCountry "ESP"]

1. Nf3 d5 2. d4 Nf6 3. g3 Bf5 4. Bg2 Nbd7 5. O-O h6 6. c4 e6 7. Nc3 c6 8. b3
Be7 9. Bb2 O-O 10. Ne5 Nxe5 11. dxe5 Nd7 12. e4 dxe4 13. Nxe4 Qc7 14. f4 Nc5
15. Qe2 Rfd8 16. Rad1 Rxd1 17. Rxd1 Rd8 18. Rxd8+ Qxd8 19. Nf2 Nd3 20. Nxd3
Bxd3 21. Qd2 Bb1 22. Qxd8+ Bxd8 23. b4 Bxa2 24. c5 Bc4 25. Bc3 Kf8 26. Kf2 Bb5
27. Ke3 b6 28. Bd4 Ke7 29. Be4 Ke8 30. h4 bxc5 31. Bxc5 a5 32. bxa5 Bxa5 33. g4
Be1 34. h5 Bh4 35. Bf3 g6 36. hxg6 fxg6 37. Be4 Kf7 38. f5 gxf5 39. gxf5 exf5
40. Bxf5 Bc4 41. Bd7 Bd5 42. e6+ Bxe6 43. Bxc6 Bg5+ 44. Kf2 h5 45. Be3 Bf6 46.
Bf3 h4 47. Bf4 Kg6 48. Kg2 Kf5 49. Bb8 Bg5 50. Kh2 Bc4 51. Bc7 Bf1 52. Bb8
1/2-1/2

[Event "Lliga Catalana eq. DH"]
[Site "?"]
[Date "2014.03.22"]
[Round "9.8"]
[White "Comallonga Fernandez, J."]
[Black "Mateu Guiu, E."]
[Result "1/2-1/2"]
[WhiteElo "2198"]
[BlackElo "2159"]
[PlyCount "104"]
[EventDate "2014.??.??"]
[EventType "team"]
[EventCountry "ESP"]

1. d4 Nf6 2. Nf3 g6 3. c4 c5 4. d5 e6 5. Nc3 exd5 6. cxd5 d6 7. Bf4 Bg7 8. e4
O-O 9. Be2 Bg4 10. h3 Bxf3 11. Bxf3 a6 12. a4 Qb6 13. Qd2 Re8 14. O-O Nbd7 15.
a5 Qc7 16. Rfe1 Ne5 17. Be2 c4 18. Be3 Ned7 19. Qc2 b5 20. axb6 Nxb6 21. Bxb6
Qxb6 22. Bxc4 Rec8 23. Ra4 Nd7 24. Bf1 Nc5 25. Rc4 Nb3 26. Na4 Qb7 27. Rxc8+
Rxc8 28. Bxa6 Rxc2 29. Bxb7 Bd4 30. Rd1 Bxf2+ 31. Kh1 Bg3 32. Ba6 Nc5 33. Nxc5
Rxc5 34. b4 Rc2 35. Bd3 Rc3 36. Kg1 Rb3 37. b5 Be5 38. Kf2 Bd4+ 39. Kf3 Kg7 40.
Rd2 Kf6 41. Ke2 Ke5 42. Rd1 Rb2+ 43. Kf3 h5 44. h4 Bb6 45. Rb1 Rf2+ 46. Kg3 Rd2
47. Rb3 f6 48. Kh3 Rd1 49. Kg3 g5 50. Be2 Re1 51. Bxh5 Rxe4 52. hxg5 fxg5
1/2-1/2

[Event "Lliga Catalana eq. DH"]
[Site "?"]
[Date "2014.03.22"]
[Round "9.8"]
[White "Delisau Gil, O."]
[Black "Oset Teixidor, G."]
[Result "1-0"]
[WhiteElo "2233"]
[BlackElo "2096"]
[PlyCount "55"]
[EventDate "2014.??.??"]
[EventType "team"]
[EventCountry "ESP"]

1. d4 d5 2. c4 dxc4 3. e3 Nf6 4. Bxc4 Nbd7 5. Nf3 e6 6. O-O Nb6 7. Bb3 Be7 8.
Nc3 O-O 9. Qe2 Bd7 10. Ne5 Rc8 11. Rd1 c6 12. e4 Be8 13. Be3 Nbd7 14. f4 Qc7
15. Rac1 Qb8 16. Nd3 c5 17. dxc5 Nxc5 18. Nxc5 Bxc5 19. Bxc5 Rxc5 20. e5 Nd7
21. Ne4 Rxc1 22. Rxc1 Nb6 23. Qg4 Bc6 24. Nf6+ Kh8 25. Nxh7 Kxh7 26. Rc3 Be4
27. Rh3+ Kg8 28. Qh5 1-0